| Tag |
First Indicator |
Second Indicator |
Subfields |
| LEADER |
00000cam a2200000 a 4500 |
| 001 |
in00000033169 |
| 005 |
20151007055137.0 |
| 008 |
870911s1987 enka b 00110 eng |
| 010 |
|
|
|a 87026296
|
| 020 |
|
|
|a 0904357872 :
|c £56.00
|
| 035 |
|
|
|a (OCoLC)16755290
|
| 035 |
|
|
|9 AAB7386AM
|
| 040 |
|
|
|a DLC
|c DLC
|d TXA
|d UtOrBLW
|
| 049 |
|
|
|a TXAM
|c [A11645218]
|
| 050 |
0 |
0 |
|a QD543
|b .K476 1987
|
| 082 |
0 |
|
|a 530.4/1
|2 19
|
| 100 |
1 |
|
|a Kirkaldy, J. S.
|q (John Samuel)
|
| 245 |
1 |
0 |
|a Diffusion in the condensed state /
|c J.S. Kirkaldy and D.J. Young.
|
| 264 |
|
1 |
|a London :
|b Institute of Metals ;
|c [1987]
|
| 264 |
|
2 |
|a Brookfield, VT, USA :
|b Institute of Metals North American Publications Center [distributor for] North America,
|
| 264 |
|
4 |
|c ©1987
|
| 300 |
|
|
|a xiv, 527 pages :
|b illustrations ;
|c 25 cm.
|
| 336 |
|
|
|a text
|b txt
|2 rdacontent
|
| 337 |
|
|
|a unmediated
|b n
|2 rdamedia
|
| 338 |
|
|
|a volume
|b nc
|2 rdacarrier
|
| 504 |
|
|
|a Bibliography: pages 504-510.
|
| 500 |
|
|
|a Includes index.
|
| 650 |
|
0 |
|a Diffusion.
|
| 650 |
|
0 |
|a Diffusion processes.
|
| 700 |
1 |
|
|a Young, D. J.
|q (David John)
|
| 999 |
|
|
|a MARS
|
| 999 |
f |
f |
|s 47530ab6-41ce-33a4-8e92-d1899dae9f65
|i 7446fa77-50c5-33c6-937d-f8f9d1e498d6
|t 0
|
| 952 |
f |
f |
|p ric
|a Texas A&M University
|b Rellis Campus
|c Joint Library Facility
|d Remote Storage
|t 0
|e QD543 .K476 1987
|h Library of Congress classification
|i unmediated -- volume
|m A14811645218
|
| 998 |
f |
f |
|a QD543 .K476 1987
|t 0
|l Remote Storage
|